| 000 | 01528nam a22002657a 4500 | ||
|---|---|---|---|
| 001 | 63800 | ||
| 003 | UA-OsUOA | ||
| 005 | 20260330103515.0 | ||
| 007 | ta | ||
| 008 | 20091019b un ||-urao||| 00| 0 ukr dukr d | ||
| 020 | _a5772005006 | ||
| 040 |
_aUA-OsUOA _bukr _cUA-OsUOA _dUA-OsUOA |
||
| 041 | _aukr | ||
| 080 | _a82.09(477) | ||
| 090 |
_a82.09(477) _bК56 |
||
| 100 |
_aКоваль В. К. _924744 |
||
| 245 |
_a"Собор" і навколо cобору _cВіталій Коваль |
||
| 260 |
_aКиїв _bМолодь _c1989 |
||
| 300 | _a272 с. | ||
| 520 | 3 | _a"Я не читав, але рішуче засуджую" - ще недавно у такий спосіб оцінювалися художні твори, визнані брежневсько-суслівською командою "крамольними". В застійний період роман Олеся Гончара "Собор" було проголошено "ідейно ущербним", піддано анафемі, як і твори багатьох українських письменників. У книзі простежуються багатостраждальна доля української літератури, драматизм цькуванняїї чинодралами й фарисеями. | |
| 650 | 7 |
_a82 Література. Літературознавство _2UDC _915 |
|
| 942 |
_cBK _2udc |
||
| 955 | _a4 | ||
| 999 |
_c349861 _d349861 |
||